00840nam a2200229Ia 4500003000400000005001700004008004100021020002500062040001700087082001800104100001800122245004000140250001100180260002800191300001400219650001400233942000900247952011300256952011300369952011300482999001500595IIN20240125151819.0231217s9999 xx 000 0 und d cFree a9789354658945 aIINbEnglish a616.07 bMOH1 aMohan, Harsh 1 aPathology Quick ReviewcHarsh Mohan a6th ed bJaypeeaNew Delhic2023 axiv,268p.1 aPathology cBOOK 001040708Purches BookaIINbIINd2023-12-17l0o616.07 MOHp1368r2023-12-17 21:32:37w2023-12-17yBOOK 001040708Purches BookaIINbIINd2023-12-17l0o616.07 MOHp1369r2023-12-17 21:32:37w2023-12-17yBOOK 001040708Purches BookaIINbIINd2023-12-17l0o616.07 MOHp1370r2023-12-17 21:32:37w2023-12-17yBOOK c1374d1374